Open Data Biblioteca Nacional de Portugal


República Portuguesa: Ministério da Cultura
Biblioteca Nacional de Portugal

Catálogo da BNP: acesso por Identificadores Unívocos
Registos Bibliográficos associados ao registo de autoridade

Etiqueta de registo: 00000nkm 2200025 450
001 2280736
003 http://id.bnportugal.gov.pt/bib/catbnp/2280736
100 ## $a20260316d1973 m y0pory01030103ba
101 0# $apor
102 ## $aPT
200 1# $aRuy Mingas$bVisual gráfico]$fDiscos Zip Zip$gFoto: Carlos Gil
210 #9 $a[S.l.]$cDiscos Zip Zip,$d1973$eLisboa:$gGráfica Monumental)
215 ## $a1 cartaz$cp&b.$d30x40 cm
317 ## $aColeção Madeira Luís
702 #1 $aGil,$bCarlos,$f1937-2001$4600$370313
710 02 $aDiscos Zip Zip$31991699
801 #0 $aPT$bBN$gRPC
966 ## $lBN$mICONOG$sCT. 16873 V.$x3
971 ## $cCaticonografia7$d20260316
995 ## $aPRR2026

Etiqueta de registo: 00000nkm 2200025 450
001 2280791
003 http://id.bnportugal.gov.pt/bib/catbnp/2280791
100 ## $a20260317d1973 m y0pory01030103ba
101 0# $apor
102 ## $aPT
200 1# $aCarlos Moniz / Maria do Amparo, 1.º e 2.º prémios, Festival da Figueira da Foz, 1973, $bVisual gráfico]$fDiscos Zip Zip
210 #9 $a[S.l.]$cDiscos Zip Zip,$d1973$e[s.l.] :$gGráfica Monumental )
215 ## $a1 cartaz$ccolor.$d40x30 cm
317 ## $aColeção Madeira Luís
710 02 $aDiscos Zip Zip$31991699
801 #0 $aPT$bBN$gRPC
966 ## $lBN$mICONOG$sCT. 16877 V.$x3
971 ## $cCaticonografia7$d20260317
972 ## $d20260424 $e0$vmferro$z0
995 ## $aPRR2026

OpendataBNP@bnportugal.pt | Mais informação sobre acesso aos dados BNP